Cestovný ruch na Slovensku v roku 1997

Pokles aktívneho cestovného ruchu (AZCR) a pasívneho cestovného ruchu (PZCR) na Slovensku v roku 1997. Podobný vývoj je charakteristický aj pre ostatné európske krajiny. Účel návštevy zahraničných návštevníkov. Navštívené oblasti na Slovensku. Vysielajúce krajiny podľa typov ciest (krátkodobé, dlhod...

ver descrição completa

Na minha lista:
Detalhes bibliográficos
Autor principal: Bujna, Marián
Formato: Livro
Idioma:eslovaco
Assuntos:
Tags: Adicionar Tag
Sem tags, seja o primeiro a adicionar uma tag!

MARC

LEADER 00000nam a2200000 4500
001 r031580
005 20230426124911.1
041 0 |a slo 
044 |a SK 
245 1 0 |a Cestovný ruch na Slovensku v roku 1997  |c Marián Bujna 
520 |a Pokles aktívneho cestovného ruchu (AZCR) a pasívneho cestovného ruchu (PZCR) na Slovensku v roku 1997. Podobný vývoj je charakteristický aj pre ostatné európske krajiny. Účel návštevy zahraničných návštevníkov. Navštívené oblasti na Slovensku. Vysielajúce krajiny podľa typov ciest (krátkodobé, dlhodobé). 
610 2 0 |a ruch cestovný 
610 2 0 |a Slovensko 
610 2 0 |a ruch cestovný aktívny 
610 2 0 |a 1997 
610 2 0 |a Česko 
610 2 0 |a stredná Európa 
100 1 |a Bujna, Marián